Elementi del Blocco d - Statistics

Statistiche generali
  • Questo quiz è stato fatto 7 volte
  • Il punteggio medio è 25 su 40
Statistiche sulle risposte
Z Simbolo Elemento % Corretto
24 Cr Cromo
100%
26 Fe Ferro
100%
77 Ir Iridio
100%
28 Ni Nichel
100%
79 Au Oro
100%
29 Cu Rame
100%
74 W Tungsteno
100%
30 Zn Zinco
100%
48 Cd Cadmio
83%
27 Co Cobalto
83%
80 Hg Mercurio
83%
22 Ti Titanio
83%
23 V Vanadio
83%
47 Ag Argento
67%
25 Mn Manganese
67%
42 Mo Molibdeno
67%
46 Pd Palladio
67%
78 Pt Platino
67%
44 Ru Rutenio
67%
21 Sc Scandio
67%
40 Zr Zirconio
67%
107 Bh Bohrio
50%
39 Y Ittrio
50%
71 Lu Lutezio
50%
76 Os Osmio
50%
104 Rf Rutherfordio
50%
43 Tc Tecnezio
50%
72 Hf Afnio
33%
112 Cn Copernicio
33%
110 Ds Darmstadtio
33%
105 Db Dubnio
33%
108 Hs Hassio
33%
103 Lr Laurenzio
33%
109 Mt Meitnerio
33%
41 Nb Niobio
33%
75 Re Renio
33%
45 Rh Rodio
33%
111 Rg Roentgenio
33%
106 Sg Seaborgio
33%
73 Ta Tantalio
33%
Nessun quiz corrispondente trovato
Distribuzione punteggi
Percentuale di utenti per punteggio
Percentile per numero di risposta
I tuoi punteggi nel tempo
Non hai fatto questo quiz